ALW's Phantom of the Opera - Why so Silent - Missing Lyrics - Statistics

General Stats
  • This quiz has been taken 149 times
  • The average score is 10 of 11
Answer Stats
Phantom Missing Lyric % Correct
Did you think that I had ____ you for good? Left
100%
Why so ______, good messieurs? Silent
99%
I have written you an _____ Opera
98%
Have you ______ me, good messieurs? Missed
96%
Don Juan __________! Triumphant
93%
Here I bring the finished _____ Score
91%
You will ____ for me! Sing
89%
My instructions should be _____ Clear
82%
Your ______ are still mine Chains
81%
Remember there are worse things than a _________ chandelier Shattered
80%
I advise you to ______ Comply
67%
No matching quizzes found
Score Distribution
Percent of People with Each Score
Percentile by Number Answered
Your Score History
You have not taken this quiz